000 00796nam a2200253Ia 4500
003 OSt
005 20220926020329.0
006 a|||||r|||| 00| 0
007 ta
008 220923b |||||||| |||| 00| 0 eng d
020 _a00415206634
_c3176.6199999999999
037 _b865, 20/02/2014, Pranami Book Service
_cGeneral Book
040 _aRTL
_cRTL
_beng
041 _2eng
_aeng
082 _aY11:3(0111:g), Qo
100 _aBEARNE Eve
_9324159
245 0 _aWhere texts and children meet.
260 _aNew York
_bRoutledge
_c2000
300 _axvi,220p.
_ccm.
650 _aSociology
700 _a WATSON Victor
_9324160
942 _hY11:3(0111:g), Qo
_cGB
_2CC
999 _c633999
_d633999